Welcome to the Holygrace Academy Library

Please use search bar below to get started

YOU CAN WIN (Record no. 6272)

MARC details
000 -LEADER
fixed length control field 00336nam a22001457a 4500
020 ## - INTERNATIONAL STANDARD BOOK NUMBER
ISBN 0333-93740-6
082 ## - DEWEY DECIMAL CLASSIFICATION NUMBER
Classification number 158
Item number KHE/Y
100 ## - MAIN ENTRY--AUTHOR NAME
Personal name KHERA, SHIV
245 ## - TITLE STATEMENT
Title YOU CAN WIN
260 ## - PUBLICATION, DISTRIBUTION, ETC. (IMPRINT)
Place of publication DELHI
Name of publisher MACMILLAN
Year of publication 2002
300 ## - PHYSICAL DESCRIPTION
Number of Pages 290
520 ## - SUMMARY, ETC.
Summary, etc A CONSTRUCTION MANUAL TO ACHIEVE SUCCESS
650 ## - SUBJECT ADDED ENTRY--TOPICAL TERM
Topical Term MOTIVATIONAL
Geographic subdivision INDIA
942 ## - ADDED ENTRY ELEMENTS (KOHA)
Koha item type Books
Holdings
Withdrawn status Lost status Collection code Home library Current library Shelving location Date acquired Source of acquisition Full call number Accession Number Koha item type
    Non-fiction Main Library Main Library SHELF-17H-PERSONALITY DEVELOPMENT BOOKS 26/10/2006 purchase 158 KHE/Y 02094 Books